000 00830nam a2200277 a 4500
001 9774
003 CO-ViMGA
008 141112s2004 ck r 000 u spa d
020 _a9580211434
040 _aCO-ViMGA
_bspa
_cCO-ViMGA
082 _a530 V732 V.10
100 1 _aVillegas Rodriguez ; Mauricio, Ramirez Sierra Ricardo,
_95295
245 1 0 _aGalaxia :
_bFisica 10
260 _aSantafé de Bogotá :
_bVoluntad,
_c1998
300 _a368p. : il color
490 _aEducación Media
505 _aGalaxia, Física 10
590 _aEjemplares : 2
650 1 4 _aFISICA 10
_95296
650 1 4 _aMAGNITUDES ESCALARES Y VECTORIALES
_95297
650 1 4 _aMOVIMIENTO
_95298
650 1 4 _aPRECURSORES DE LA CIENCIA MODERNA
_95299
650 1 4 _aPROPORCIONALIDAD
_95300
650 1 4 _aSISTEMA DE MEDIDA
_95301
942 _2ddc
_cBK
999 _c10731
_d10731